000 00757nam a2200193 i 4500
001 116757
003 ES-MaACL
005 20250929063155.0
007 t|
008 061121s1934 sp r ||||1| spa d
100 1 _aPascua, Marcelino,
_d1897-1977
_989336
245 1 0 _aMortalidad en España por rúbricas de la Lista Internacional abreviada de causas de defunción y algunos otros índices de movimiento de población /
_cpor Marcelino Pascua.
260 _aMadrid :
_b[s.n.],
_c1934.
300 _a20 p. ;
_c24 cm.
500 _aTrabajos del Departamento de Estadísticas Sanitarias de la Dirección General de Sanidad.
650 0 4 _aMortalidad-
_zEspaña-
_vEstadísticas.
_915199
852 _aES-MaACL
_j1783-F-23
999 _c116757
_d116757